000 00442nam a2200181Ia 4500
001 16383
005 20260306170305.0
008 260306t2016||||xx |||||||||||||| ||und||
041 _aESP
082 _a348.55
_bG45
100 _aGil González, Elena
_eAUT
245 0 _aBig data, privacidad y protección de datos
260 _c2016
300 _a149 páginas :
_c21 cm.
650 _aGEN
654 _aCDE
942 _cLIB
_dJUS
_fJUS
_2ddc
_n
999 _c16383
_d16383